000 02622cam a2200769 a 4500
001 21968
003 VRT
005 20260317072245.0
008 240315s2010 xo a e 000 0 slo
015 _aSNBA2011/03-01764
020 _a9788080894092
_q(brož.)
039 9 _a202403152121
_bVLOAD
_c201808010913
_dVLOAD
_c201304091307
_dmbpksh04
_c201112091329
_dmtotk10
040 _aPPPK
_bslo
_cPPPK
_dSVKBB
_dSNK
_eAACR2
041 1 _aslo
_hger
044 _axo
_cSK
072 7 _a316.4/.7
_xSociálne interakcie
_2konspekt
080 _a316.346.2-055.25-053.6
_22001
080 _a316.472.4
_22001
080 _a316.813.5
_22001
080 _a(0.053.2)
_22001
080 _a316.472.42
_22001
080 _a159.923.5
_22001
080 _a615.8-022.214
_22001
100 1 _aSchneider, Sylvia
_4aut
240 1 0 _aLiebeskummer-und wie du ihn loswirst
_lSlovensky
245 1 0 _aZlomené srdce
_bvšetko o rozchode : [rady, typy, návody]
_cSylvia Schneiderová ; ilustrovala Bianca Schaalburgová ; [z nemeckého originálu preložil Ján Ďurčo]
250 _a1. vyd.
260 _a[Bratislava]
_bFragment
_c2010
300 _a116 s.
_bilustr.
_c19 cm
490 1 _aLen pre baby - Prísne tajné!
500 _aMiesto vyd. podľa ISBN
521 1 _aPre čitateľky od 11 rokov
650 0 7 _adospievajúce dievčatá
_2SNKPH
650 0 7 _apartnerské vzťahy
_2SNKPH
650 0 7 _apartnerské rozchody
_2SNKPH
650 0 7 _aAdolescent girls
_2SNKPHeng
650 0 7 _aPartner relationships
_2SNKPHeng
650 0 7 _aSeparations (partner relationships)
_2SNKPHeng
650 0 7 _aSelf-culture
_2SNKPHeng
650 0 7 _asebavýchova
_2SNKPH
650 0 7 _aAutotherapy
_2SNKPHeng
650 0 7 _aautoterapia
_2SNKPH
655 7 _apublikácie pre deti
_2SNKPH
655 7 _aChildren's literature
_2SNKPHeng
700 1 _aSchaalburg, Bianca
_4ill
700 1 _aĎurčo, Ján
_4trl
830 0 _aLen pre baby - Prísne tajné!
910 _apppk
910 _apokpoh
910 _asvkbb
910 _avthk
910 _ahevk
910 _asnk
910 _asllk
910 _asavuk
910 _atotk
910 _abpksh
942 _2ddc
_cKLDE
_n0
949 _6270001000364355
_asvkbbA 129751
_bsvkbbm 713586
949 _617A0684582
_asnkSD 79798
_bsnk2011/336
_o24/11
949 _617A0684583
_asnkSD 79798 D1
_bsnk2011/338
_o24/11
949 _6273K0527388
_asvkpoA 210192
_bsvkpo533831
949 _62889170544
_asavukPV 14686
_bsavuk2011/2601
949 _63869A17374
_abpksh316.472.4
_bbpksh61653
980 _a316.346.2-055.25-053.6
999 _c21968
_d21968